Jazyk a integrácia. Nemecký jazyk v integračnej politike Rakúska

Migračná kríza v EÚ (2015-2016). Jazyk cieľovej krajiny v procese integrácie migrantov. Charakter integračnej politiky Rakúska. Nemčina ako podmienka integrácie v Rakúsku, jazyková integrácia.

Gespeichert in:
Bibliographische Detailangaben
1. Verfasser: Ondrušová, Terézia, 1978-
Weitere Verfasser: Paté, Magdaléna, 1980-
Format: Buchkapitel
Sprache:Slowakisch
Schlagworte:
Tags: Tag hinzufügen
Keine Tags, Fügen Sie das erste Tag hinzu!

MARC

LEADER 00000naa$a2200000$$$4500
001 0248303
005 20240502073954.8
041 0 |a slo 
044 |a SK 
245 1 0 |a Jazyk a integrácia. Nemecký jazyk v integračnej politike Rakúska  |c Terézia Ondrušová, Magdaléna Paté 
520 |a Migračná kríza v EÚ (2015-2016). Jazyk cieľovej krajiny v procese integrácie migrantov. Charakter integračnej politiky Rakúska. Nemčina ako podmienka integrácie v Rakúsku, jazyková integrácia. 
610 2 0 |a jazykoveda 
610 2 0 |a nemčina 
610 2 0 |a jazyk štátny 
610 2 0 |a jazyky cudzie 
610 2 0 |a politika 
610 2 0 |a politika migračná 
610 2 0 |a politika integračná 
610 2 0 |a politológia 
610 2 0 |a imigrácia 
610 2 0 |a integrácia 
610 2 0 |a migrácia 
610 2 0 |a migrácia nelegálna 
610 2 0 |a komunikácia 
610 2 0 |a Rakúsko 
610 2 0 |a Európska únia 
100 1 |a Ondrušová, Terézia, 1978- 
700 1 |a Paté, Magdaléna, 1980-